| 000 | 01175nam a2200253 i 4500 | ||
|---|---|---|---|
| 001 | 54597 | ||
| 003 | ES-MaACL | ||
| 005 | 20250719062533.0 | ||
| 007 | t| | ||
| 008 | 960723s1893 cu |||| | spa d | ||
| 080 | _a343.254 | ||
| 100 | 1 |
_aCuervo, Manuel Froilán. _952717 |
|
| 245 | 1 | 3 |
_aLa ley de Lynch / _cconsiderada por Manuel Froilán Cuervo. |
| 260 |
_aHabana : _b[s.n.], _c1893 ( _fTip. de La Lucha) |
||
| 300 |
_a76 p. ; _c18 cm. |
||
| 530 | _aDisponible en formato digital. | ||
| 533 |
_aCopia digital: _cBiblioteca Digital Hispánica (Biblioteca Nacional Española) |
||
| 650 | 4 |
_aLinchamiento. _9143340 |
|
| 852 |
_bR.FOLL.11/1 _aES-MaACL _dOlim: 193-C-18 _jD-262(1) _xEncuadernado con otras obras formando un volumen facticio. _fSello en tinta en portada: "Donativo del Sr. Lastres al Ateneo de Madrid. 1907" _fSello en tinta en portada: "B.E.P. Madrid. Biblioteca" _gAnotación manuscrita en cubierta: "Flletos penitenciarios. Tomo 18" _hDonación: Francisco Lastres y Juiz _cSVI |
||
| 903 |
_aLastres y Juiz, Francisco, _d1848-1918 _ednr _q1 _970504 |
||
| 942 |
_2udc _cFOLLETOS |
||
| 999 |
_c54597 _d54597 |
||